000 00630nam a22002177a 4500
003 UA-OsUOA
001 65668
007 ta
008 20091203b un ||||| |||| 00| 0 ukr d
090 _a82.09(477)
_bД54
942 _cBK
040 _aUA-OsUOA
_bukr
_cUA-OsUOA
_dUA-OsUOA
245 _aДніпрова хвиля
_bХрестоматія нововведених творів до шкільних програм
300 _a846 с.
955 _a2
041 _aukr
080 _a82.09(477)
260 _aК.
_c1992
650 7 _a82 Література. Літературознавство
_2UDC
999 _c351751
_d351751